Capilla clásica polifónica del F.A.D. : juicios críticos de la prensa juicios críticos de la prensa
Descripción Física:
[18] p. ; 21 cm
MARC
| LEADER | 00000nam a2200000Ia 4500 | ||
|---|---|---|---|
| 001 | 23277 | ||
| 008 | 160829s1946 xx 000 0 cat d | ||
| 080 | |a Q-995, exp. 39 | ||
| 245 | |a Capilla clásica polifónica del F.A.D. : |b juicios críticos de la prensa | ||
| 260 | |a Barcelona : |b Imp. Arolas, |c 1946 | ||
| 300 | |a [18] p. ; |c 21 cm | ||
| 650 | |a Cors sacres a cappella |x Història i crítica |9 48426 | ||
| 901 | |a Arxiu | ||
| 942 | |n 1 | ||
| 952 | |0 0 |1 0 |4 0 |6 Q995_EXP_39 |7 1 |9 54536 |a Arxiu |b Arxiu |d 2011-10-10 |l 0 |o Q-995, exp. 39 |p 23277 |r 2016-12-01 00:00:00 |w 2016-12-01 |y ARXIU | ||
| 999 | |c 58405 |d 58405 | ||